[Event "Challenge"]
[Site "http://www.queenalice.com/game.php?id=1251525"]
[Date "2014.1.26"]
[Round "-"]
[White "Sofian"]
[Black "REIDID93"]
[Result "1-0"]
[WhiteElo "2184"]
[BlackElo "1946"]

1. d4 d5 2. c4 c6 3. Nf3 Nf6 4. Nc3 e6 5. Bf4 Be7 6. e3 Nbd7 7. h3 O-O 8. Qc2
dxc4 9. Bxc4 Nd5 10. Bh2 N7f6 11. O-O Nd7 12. e4 Nxc3 13. bxc3 b5 14. Bd3 a5 15.
a4 Ba6 16. axb5 Bxb5 17. c4 Ba6 18. Rfd1 Nf6 19. e5 Ne8 20. Bxh7+ Kh8 21. Be4
Qc8 22. Rxa5 Bb4 23. Ra4 Be7 24. Bxc6 Qxc6 25. d5 exd5 26. Nd4 Qd7 27. Nf5 Nc7
28. Nxe7 Qxe7 29. cxd5 Qd7 30. Rh4+ 1-0

[Event "Let's Play Chess!"]
[Site "http://www.queenalice.com/game.php?id=1254104"]
[Date "2014.2.6"]
[Round "-"]
[White "DAPONT"]
[Black "Sofian"]
[Result "0-1"]
[WhiteElo "2079"]
[BlackElo "2138"]

1. e4 Nc6 2. f4 d5 3. exd5 Qxd5 4. Nc3 Qe6+ 5. Be2 Nd4 6. a4 Qg6 7. Kf1 Nxc2 8.
Ra2 Be6 9. Nf3 Bb3 10. Kg1 Ne3 0-1

[Event "Let's Play Chess!"]
[Site "http://www.queenalice.com/game.php?id=1254105"]
[Date "2014.2.6"]
[Round "-"]
[White "Sofian"]
[Black "DAPONT"]
[Result "1-0"]
[WhiteElo "2148"]
[BlackElo "2072"]

1. e4 c5 2. Nf3 Nc6 3. Nc3 g6 4. d4 cxd4 5. Nxd4 Bg7 6. Be3 a6 7. Nd5 Nf6 8.
Nxc6 dxc6 9. Bb6 Qd6 10. Nc7+ Kf8 11. Qxd6 exd6 12. Nxa8 Nxe4 13. O-O-O c5 14.
Bc4 Bh6+ 15. Kb1 Nd2+ 16. Rxd2 Bxd2 17. Nc7 Bg4 18. h3 Bd7 19. Rd1 Bg5 20. Rxd6
Bc6 21. Bxc5 Kg7 22. Bd4+ f6 23. Ne6+ Kh6 24. Nxg5 1-0

[Event "Let's Play Chess!"]
[Site "http://www.queenalice.com/game.php?id=1254709"]
[Date "2014.2.8"]
[Round "-"]
[White "dnptrs"]
[Black "Sofian"]
[Result "0-1"]
[WhiteElo "2120"]
[BlackElo "2174"]

1. d4 Nf6 2. Nf3 b5 3. g3 Bb7 4. c3 e6 5. Qb3 c5 6. Qxb5 Bxf3 7. exf3 cxd4 8.
cxd4 Nc6 9. Bg2 Nxd4 10. Qa4 Bb4+ 11. Nc3 Rc8 12. O-O Qa5 13. Qxa5 Bxa5 14. Be3
Bxc3 15. bxc3 Nc2 16. Rac1 Nxe3 17. fxe3 Nd5 18. Kf2 Nxc3 19. Ke1 Ke7 20. Kd2
Nxa2 21. Rxc8 Rxc8 22. Rb1 a5 23. f4 Nb4 24. Rb2 d5 25. e4 Rc4 26. exd5 a4 27.
Bf1 a3 0-1

[Event "Let's Play Chess!"]
[Site "http://www.queenalice.com/game.php?id=1254710"]
[Date "2014.2.8"]
[Round "-"]
[White "Sofian"]
[Black "dnptrs"]
[Result "1-0"]
[WhiteElo "2164"]
[BlackElo "2102"]

1. e4 c5 2. Nf3 e6 3. d4 cxd4 4. Nxd4 Nf6 5. Nc3 d6 6. Be3 Nc6 7. Qd2 Nxd4 8.
Qxd4 Be7 9. O-O-O O-O 10. f4 Ng4 11. Bg1 e5 12. fxe5 dxe5 13. Qa4 Bg5+ 14. Kb1
Qf6 15. h4 Bxh4 16. Nd5 Qg5 17. g3 Bxg3 18. Qa3 Bh4 19. Bc5 Rd8 20. Bc4 Rxd5 21.
Bxd5 Nf2 22. Bxf7+ Kxf7 23. Qf3+ Qf6 24. Qh5+ 1-0

[Event "Challenge"]
[Site "http://www.queenalice.com/game.php?id=1256125"]
[Date "2014.2.13"]
[Round "-"]
[White "lelinho"]
[Black "Sofian"]
[Result "0-1"]
[WhiteElo "2100"]
[BlackElo "2198"]

1. d4 Nf6 2. c4 Nc6 3. Nc3 e5 4. dxe5 Nxe5 5. e4 Bb4 6. Bd2 O-O 7. Qc2 d6 8. a3
Bc5 9. Rd1 Nfg4 10. Nh3 Qh4 11. Bc1 f5 12. b4 Bxf2+ 13. Nxf2 fxe4 14. Nxe4 Nxf2
15. Nxf2 Bd7 16. Be3 Ng4 17. Rd4 Rae8 18. Kd1 Nxe3+ 19. Kc1 Qxd4 0-1

[Event "Challenge"]
[Site "http://www.queenalice.com/game.php?id=1256126"]
[Date "2014.2.13"]
[Round "-"]
[White "Sofian"]
[Black "lelinho"]
[Result "1-0"]
[WhiteElo "2207"]
[BlackElo "2088"]

1. e4 c5 2. Nf3 d6 3. d4 cxd4 4. Nxd4 Nf6 5. Nc3 g6 6. Be3 Bg7 7. f3 O-O 8. Qd2
Nc6 9. O-O-O Qa5 10. Kb1 Re8 11. Nb3 Qd8 12. g4 Ne5 13. g5 Nh5 14. f4 Ng4 15.
Bg1 e5 16. f5 gxf5 17. exf5 e4 18. f6 Bf8 19. Be2 e3 20. Qd4 Qd7 21. h3 Qc6 22.
hxg4 Ng3 23. Rh2 Ne4 24. Nxe4 Rxe4 25. Qd3 1-0

[Event "AUTO-OPEN-3126"]
[Site "http://www.queenalice.com/game.php?id=1258715"]
[Date "2014.2.21"]
[Round "2"]
[White "Sofian"]
[Black "ggg09"]
[Result "1-0"]
[WhiteElo "2197"]
[BlackElo "1684"]

1. e4 e6 2. Nf3 c5 3. d4 cxd4 4. Nxd4 Nc6 5. Nb5 d6 6. c4 Nf6 7. N1c3 a6 8. Nd4
Qa5 9. Nb3 Qb4 10. a3 Qb6 11. Be3 Qc7 12. Rc1 Be7 13. f4 Bd7 14. Be2 Rc8 15. O-O
Na5 16. Nxa5 Qxa5 17. b4 Qxa3 18. Qd2 Qxb4 19. e5 Ng8 20. Rb1 Qa5 21. Bb6 Qa3
22. Ra1 Qxa1 23. Rxa1 dxe5 24. Bf3 Bc6 25. Rd1 Nf6 26. fxe5 1-0

[Event "AUTO-OPEN-3126"]
[Site "http://www.queenalice.com/game.php?id=1258716"]
[Date "2014.2.21"]
[Round "2"]
[White "ggg09"]
[Black "Sofian"]
[Result "0-1"]
[WhiteElo "1686"]
[BlackElo "2196"]

1. e4 Nc6 2. d4 d5 3. exd5 Qxd5 4. Nc3 Qxd4 5. Qxd4 Nxd4 6. Bd3 e5 7. Nge2 Ne6
8. Nd5 c6 9. Ne3 Nc5 10. Bc4 b5 11. Bd3 e4 12. Bxb5 cxb5 13. Nd4 Bd7 14. Nd5 Bd6
15. Be3 Rc8 16. O-O Ne7 17. Nc3 b4 18. Nce2 Nd5 19. Rad1 Be5 20. c4 bxc3 21.
bxc3 Na4 22. Rc1 Naxc3 23. Nxc3 Nxc3 24. Rc2 O-O 25. Rfc1 Bxd4 26. Bxd4 Ne2+ 0-1

[Event "Let's Play Chess!"]
[Site "http://www.queenalice.com/game.php?id=1259928"]
[Date "2014.2.25"]
[Round "-"]
[White "greggy"]
[Black "Sofian"]
[Result "1-0"]
[WhiteElo "2158"]
[BlackElo "2265"]

1. e4 Nc6 2. Nf3 f5 3. exf5 d5 4. d4 Bxf5 5. Bb5 e6 6. O-O Bd6 7. c4 dxc4 8. Re1
Ne7 9. Bxc4 Qd7 10. Nc3 O-O-O 11. h3 Nd5 12. Bd2 Rhf8 13. Rc1 h6 14. Ne4 Kb8 15.
Bb5 Nde7 16. Nxd6 Qxd6 17. Qb3 Ka8 18. Re3 Qd5 19. Qa4 1-0

[Event "AUTO-ELITE-1295"]
[Site "http://www.queenalice.com/game.php?id=1260582"]
[Date "2014.2.28"]
[Round "1"]
[White "Apatride"]
[Black "Sofian"]
[Result "0-1"]
[WhiteElo "2428"]
[BlackElo "2215"]

1. d4 Nf6 2. c4 Nc6 3. Nc3 e5 4. d5 Ne7 5. Bg5 Ng6 6. Qa4 h6 7. Bxf6 Qxf6 8. a3
Be7 9. e3 O-O 10. Nf3 e4 11. Nd2 Qb6 12. b4 f5 13. Rb1 Qf6 14. Nb5 Bd8 15. Nd4
Ne5 16. Qb3 d6 17. Be2 f4 18. Nxe4 Qg6 19. Qc2 c5 20. dxc6 Nxc6 21. Rf1 Nxd4 22.
exd4 Bf5 23. Bd3 Re8 24. f3 Rc8 25. d5 Re5 26. Rf2 Bh4 27. Kf1 Bxf2 28. Qxf2 b5
29. cxb5 Rxd5 30. Qe2 Kh8 31. Kg1 Rd4 32. Rd1 d5 33. Nc5 Re8 34. Qf1 Bxd3 35.
Rxd3 Rxd3 36. Qxd3 Qf6 37. Qd2 Qa1+ 38. Kf2 Re3 39. a4 g5 40. h4 Ra3 41. Qxd5
Ra2+ 0-1

[Event "AUTO-ELITE-1295"]
[Site "http://www.queenalice.com/game.php?id=1260583"]
[Date "2014.2.28"]
[Round "1"]
[White "Sofian"]
[Black "Apatride"]
[Result "1-0"]
[WhiteElo "2233"]
[BlackElo "2416"]

1. e4 e5 2. Bc4 Bc5 3. Nf3 d6 4. c3 Qe7 5. d4 exd4 6. cxd4 Bb4+ 7. Nc3 Bxc3+ 8.
bxc3 Qxe4+ 9. Be3 Be6 10. Bd3 Qc6 11. O-O Nf6 12. c4 Bg4 13. d5 Qa6 14. Bd4 Nbd7
15. Re1+ Kf8 16. h3 Bh5 17. g4 Bg6 18. Bf1 h6 19. Qb3 b6 20. c5 Qc8 21. cxd6
cxd6 22. Nh4 Bh7 23. Qg3 Qd8 24. Qxd6+ Kg8 25. Bg2 Nf8 26. Qe5 N8d7 27. Qg3 Rc8
28. d6 Rc4 29. Rad1 Bc2 30. Rd2 b5 31. Re7 a6 32. Bf1 Rxd4 33. Rxd4 g5 34. Qc3
Bh7 35. Nf3 Kg7 36. h4 Qa8 37. Bg2 Qc8 38. Qa1 Re8 39. Nxg5 1-0

[Event "AUTO-INT-2761"]
[Site "http://www.queenalice.com/game.php?id=1264499"]
[Date "2014.3.13"]
[Round "2"]
[White "Sofian"]
[Black "SMB51"]
[Result "1-0"]
[WhiteElo "2264"]
[BlackElo "1779"]

1. d4 b6 2. e4 Bb7 3. Nc3 Nf6 4. e5 Nd5 5. Nxd5 Bxd5 6. c4 Bb7 7. Nf3 e6 8. a3
h6 9. Bd3 d6 10. Qe2 Be7 11. O-O Nd7 12. Rd1 dxe5 13. Nxe5 Bxg2 14. Kxg2 Bg5 15.
f4 Nxe5 16. dxe5 Qe7 17. fxg5 hxg5 18. Be4 g4 19. Qxg4 Rh4 20. Qxg7 Rxe4 21. Bh6
Re2+ 22. Kf3 Rxh2 23. Qg8+ 1-0

[Event "AUTO-INT-2761"]
[Site "http://www.queenalice.com/game.php?id=1264500"]
[Date "2014.3.13"]
[Round "2"]
[White "SMB51"]
[Black "Sofian"]
[Result "0-1"]
[WhiteElo "1805"]
[BlackElo "2269"]

1. e4 e5 2. Nf3 Nc6 3. Nc3 Nf6 4. Bc4 Nxe4 5. Nxe4 d5 6. Bb5 dxe4 7. Nxe5 Qg5 8.
d4 Qxg2 9. Rf1 Bd6 10. Nxc6 a6 11. Ba4 O-O 12. Ne5 Bxe5 13. dxe5 Bg4 14. Qd2
Rad8 15. Qxd8 Rxd8 16. Be3 Qf3 0-1

[Event "AUTO-ELITE-1295"]
[Site "http://www.queenalice.com/game.php?id=1267170"]
[Date "2014.3.22"]
[Round "2"]
[White "Sofian"]
[Black "patoche"]
[Result "0-1"]
[WhiteElo "2269"]
[BlackElo "2515"]

1. d4 Nf6 2. c4 Nc6 3. Nc3 e5 4. d5 Ne7 5. e4 Ng6 6. h4 h5 7. Bg5 Bc5 8. Be2 d6
9. b4 Bd4 10. Rc1 a5 11. Nb5 Bxf2+ 12. Kxf2 Nxe4+ 13. Ke1 Nxg5 14. hxg5 axb4 15.
Rc2 Bf5 16. Rb2 Qxg5 17. Bf3 Nf4 18. Nh3 Bxh3 19. Nxc7+ Ke7 20. Nxa8 Nxg2+ 21.
Kf2 Qh4+ 22. Kg1 Ne3 23. Qe2 Qg3+ 24. Bg2 Bxg2 0-1

[Event "AUTO-ELITE-1295"]
[Site "http://www.queenalice.com/game.php?id=1267171"]
[Date "2014.3.22"]
[Round "2"]
[White "patoche"]
[Black "Sofian"]
[Result "1-0"]
[WhiteElo "2512"]
[BlackElo "2274"]

1. e4 e5 2. Bc4 Nf6 3. d4 Nxe4 4. dxe5 Qh4 5. Bxf7+ Kxf7 6. g3 Nxg3 7. Qd5+ Ke8
8. hxg3 Qb4+ 9. Nc3 Qc5 10. Qe4 Na6 11. Rxh7 Rg8 12. Qg6+ Kd8 13. Bg5+ Be7 14.
Qxg7 1-0

[Event "Challenge"]
[Site "http://www.queenalice.com/game.php?id=1268002"]
[Date "2014.3.25"]
[Round "-"]
[White "ATeixeira"]
[Black "Sofian"]
[Result "1-0"]
[WhiteElo "2181"]
[BlackElo "2250"]

1. c4 Nc6 2. Nc3 e5 3. g3 Nf6 4. Bg2 Bc5 5. d3 h6 6. Nf3 d6 7. O-O O-O 8. a3 a6
9. b4 Ba7 10. Bb2 Nd4 11. e3 Nxf3+ 12. Bxf3 c6 13. Rc1 Re8 14. Bg2 Be6 15. Ba1
1-0